Emergency capnography / (Record no. 43830)

MARC details
001 - CONTROL NUMBER
control field 23557135
003 - CONTROL NUMBER IDENTIFIER
control field 0000
005 - DATE AND TIME OF LATEST TRANSACTION
control field 20251016104447.0
008 - FIXED-LENGTH DATA ELEMENTS--GENERAL INFORMATION
fixed length control field 240209s2024 enk bf 001 0 eng
010 ## - LIBRARY OF CONGRESS CONTROL NUMBER
LC control number 2024006393
020 ## - INTERNATIONAL STANDARD BOOK NUMBER
International Standard Book Number 9781032793467
035 ## - SYSTEM CONTROL NUMBER
System control number 23557135
040 ## - CATALOGING SOURCE
Original cataloging agency DNLM/DLC
Language of cataloging eng
Description conventions rda
Transcribing agency DLC
Modifying agency DLC
042 ## - AUTHENTICATION CODE
Authentication code pcc
050 00 - LIBRARY OF CONGRESS CALL NUMBER
Classification number RA 975.5 .E5 .G74
060 00 - NATIONAL LIBRARY OF MEDICINE CALL NUMBER
Classification number WF 39
082 00 - DEWEY DECIMAL CLASSIFICATION NUMBER
Classification number 362.18
Edition number 23/eng/20240809
100 1# - MAIN ENTRY--PERSONAL NAME
Personal name Greenbaum, Hugh,
Relator term author.
245 10 - TITLE STATEMENT
Title Emergency capnography /
Statement of responsibility, etc Hugh Greenbaum.
263 ## - PROJECTED PUBLICATION DATE
Projected publication date 2410
264 #1 - PUBLICATION, DISTRIBUTION, ETC. (IMPRINT)
Place of publication, distribution, etc Abingdon, Oxon ;
-- Boca Raton, FL :
Name of publisher, distributor, etc CRC Press,
Date of publication, distribution, etc 2025.
300 ## - PHYSICAL DESCRIPTION
Extent xviii, 113p. ill.
336 ## - CONTENT TYPE
Content type term text
Content type code txt
Source rdacontent
337 ## - MEDIA TYPE
Media type term unmediated
Media type code n
Source rdamedia
338 ## - CARRIER TYPE
Carrier type term volume
Carrier type code nc
Source rdacarrier
504 ## - BIBLIOGRAPHY, ETC. NOTE
Bibliography, etc Includes bibliographical references and index.
505 0# - FORMATTED CONTENTS NOTE
Formatted contents note Basic Capnography Review -- Airway Management -- Respiratory Emergencies -- Cardiac Emergencies -- Medical Emergencies -- Shock -- Trauma -- Neurological Emergencies -- Differential Diagnosis : Capnogram -- Differential Diagnosis : Capnometry -- Clinical Scenarios -- Study Question Answers.
650 12 - SUBJECT ADDED ENTRY--TOPICAL TERM
Topical term or geographic name as entry element Capnography
General subdivision methods
650 22 - SUBJECT ADDED ENTRY--TOPICAL TERM
Topical term or geographic name as entry element Emergency Medical Services
General subdivision methods
655 #2 - INDEX TERM--GENRE/FORM
Genre/form data or focus term Handbook
776 08 - ADDITIONAL PHYSICAL FORM ENTRY
Relationship information Online version:
Main entry heading Greenbaum, Hugh.
Title Emergency capnography
Edition First edition.
Place, publisher, and date of publication Abingdon, Oxon : CRC Press, 2024
International Standard Book Number 9781003491576
Record control number (DLC) 2024006394
906 ## - LOCAL DATA ELEMENT F, LDF (RLIN)
a 7
b cbc
c orignew
d 1
e ecip
f 20
g y-gencatlg
942 ## - ADDED ENTRY ELEMENTS (KOHA)
Source of classification or shelving scheme Library of Congress Classification
Koha item type Books
Holdings
Withdrawn status Lost status Source of classification or shelving scheme Damaged status Not for loan Permanent Location Current Location Date acquired Total Checkouts Full call number Barcode Date last seen Price effective from Koha item type
    Library of Congress Classification     NILE UNIVERSITY OF NIGERIA - MAIN LIBRARY NILE UNIVERSITY OF NIGERIA - MAIN LIBRARY 10/16/2025   RA 975.5 .E5 .G74 2025 0199189 10/16/2025 10/16/2025 Books
    Library of Congress Classification     NILE UNIVERSITY OF NIGERIA - MAIN LIBRARY NILE UNIVERSITY OF NIGERIA - MAIN LIBRARY 10/16/2025   RA 975.5 .E5 .G74 2025 0199190 10/16/2025 10/16/2025 Books